[Event "email TSC 15-16 (Sternik,R)"]
[Site "ETC"]
[Date "2005.04.27"]
[Round "?"]
[White "Sternik, Ryszard POL"]
[Black "Schulz, Hans-Jürgen GER"]
[Result "1/2-1/2"]
[WhiteElo "1980"]
[BlackElo "2216"]
[PlyCount "43"]
[EventDate "2005.??.??"]

1. e4 e5 2. Nf3 Nc6 3. d4 exd4 4. Nxd4 Nf6 5. Nc3 Bb4 6. Nxc6 (6. Bg5 h6 7.
Nxc6 bxc6 8. Be3 O-O 9. Qd3 a5 10. f3 d5 11. O-O-O Re8 12. exd5 cxd5 13. a3 Bf8
14. g4 c5 15. g5 hxg5 16. Bxg5 d4 17. Ne4 Be7 {
Bidgood,L-Reneau,M, email WCCF 2000 (0:1-33)}) 6... bxc6 7. Bd3 O-O 8. O-O Re8
(8... Bxc3 $6 9. bxc3 d5 10. e5 $1 Ng4 11. f4 Qe7 $6 12. Qf3 f5 13. h3 Qc5+ 14.
Kh1 Nh6 15. a4 Qxc3 16. Ba3 Rd8 17. g4 $5 c5 $1 18. Qg3 Kh8 19. Qh4 Bd7 {
Strzalka,J-Czechowa-Kostina,T, Polska ch tt Bydgoszcz 1990 (1:0-32)}) 9. Bg5 d6
(9... h6 10. Bh4 Rb8 11. Re1 Bd6 12. Rb1 Be5 13. Qd2 g5 14. Bg3 Qe7 15. Ne2 Nh5
16. Bxe5 Qxe5 17. c3 d6 18. Nd4 Bd7 19. Nf3 Qg7 20. Bc2 Be6 21. b3 c5 22. Rbd1
Bg4 {Timman,J-Agdestein,S, SWIFT rapid 1992 (1:0-41)}) 10. Qf3 Bd7 (10... Bb7
11. Qg3 Bxc3 12. bxc3 Qe7 13. Rae1 Qe6 14. f4 h6 15. Bxf6 Qxf6 16. e5 Qe7 17.
e6 Qf6 18. exf7+ Kxf7 19. Bc4+ d5 20. Bd3 Kg8 21. Bg6 Rxe1 22. Rxe1 Rf8 {
Petschar,K-Schroll,G, Staatsliga Wien 1993 (remis-44)}) 11. a3 Bxc3 (11... Bc5
$6 12. Bxf6 Qxf6 13. Qxf6 gxf6 14. Na4 Bb6 15. Nxb6 axb6 16. Rfe1 Kg7 17. f4
$14 {0.47}) 12. bxc3 Re6 13. c4 Qe7 14. c5 Re8 {slabe} (14... h6 15. cxd6 cxd6
16. Bh4 Re8 17. Rad1 c5 $11) 15. Rad1 h6 16. Bh4 d5 17. exd5 cxd5 18. Bf5 Ra6
19. Qd3 Rc6 20. Bxd7 Qxd7 21. Bxf6 Rxf6 22. Qxd5 {Drugi szachista z najwyzszym
Elo. Obok Perlitza - krol remisow - 8. Dziwne, ze nie walczyl o zwyciestwo,
uzbieral 7,5 pkt. Przegral az 3 partie, gdy Perlitz tylko 1.  Wyniki:  1.
Woelfelschneider,P 2095 11,5 z 14 GER  2.Coche,W                 2009 10,5    
GER  3.Janzen,N                 2269 10   z 13  GER  4.Sternik,R              
1980 10          5.Baer,W                     2025  9,5 z 13 GER  Sternik  +7 
=6  -1} 1/2-1/2

[Event "email TSC15-16 (Sternik,R)"]
[Site "?"]
[Date "2005.??.??"]
[Round "?"]
[White "Sternik, Ryszard POL"]
[Black "Janzen , Norbert GER"]
[Result "1/2-1/2"]
[WhiteElo "1980"]
[BlackElo "2269"]
[PlyCount "68"]

{Szachista z najwyzszym Elo w grupie.} 1. e4 c5 2. Nf3 e6 3. d4 cxd4 4. Nxd4
Nf6 5. Nc3 Nc6 6. Nxc6 (6. g3 Qb6 7. Nxc6 $2 (7. Nb3 Bb4 8. Bg2 d5 9. O-O $1
Bxc3 10. exd5 Nxd5 11. bxc3 O-O 12. c4 Nde7 13. Re1 $14 {
Barczay-Horvath,T, Zalegerszeg 1979}) 7... bxc6 8. e5 Nd5 9. Ne4 $6 Qb4+ 10.
Nd2 Qd4 11. Qe2 Rb8 $1 12. Nb3 $2 {o jej, tylko plakac - Filipowicz,A} Rxb3 $1
13. axb3 Bb4+ 14. Bd2 Bxd2+ 15. Qxd2 Qe4+ 16. Qe2 Qxh1 17. h3 f5 18. Ra4 Nb6
19. Rxa7 O-O 20. c4 c5 21. Qe3 Bb7 {Anand,V-Wajser,A, Paris Intel GP 1.4.2
1994 (0:1-30) Anand podobnie jak z Kamskim w Indiach, nie wytrzymal napiecia
nerwowego - Filipowicz,A}) 6... bxc6 7. e5 Nd5 8. Ne4 Qc7 (8... Bb7 9. Bd3 Nb4
10. O-O c5 11. Re1 Nxd3 12. Qxd3 Qc7 13. Qg3 $5 $146 Bxe4 14. Rxe4 f5 15. Re2
$5 $14 Kf7 16. Bf4 $6 (16. c4 $1) 16... Be7 17. h4 c4 18. Rd1 Rab8 19. b3 Rhd8
20. Red2 $5 cxb3 21. axb3 Rb4 {
Ye Jiangchuan-Chalifman,A, Chiny-Rosja rapid mecz 2001 (1:0-29)}) (8... Qa5+ 9.
c3 Ba6 10. Bd3 Bxd3 11. Qxd3 f5 12. exf6 $146 (12. Ng5) 12... Nxf6 13. Nxf6+
gxf6 14. O-O Qd5 15. Qh3 h5 16. Re1 Bc5 17. b3 O-O-O 18. c4 Qd6 19. Be3 h4 $2 (
19... Rdg8 20. Red1 Qe5 $1) 20. b4 $1 Bxe3 21. Qxe3 h3 $6 (21... Qc7) 22. g3
Qc7 {Adams,M-Conquest,S, Francja 2000 (1:0-41)}) (8... f5 9. Nd6+ $5 Bxd6 10.
exd6 Qb6 $1 11. c4 Nf6 12. Be2 c5 $6 13. O-O Bb7 $2 (13... Ne4 $1) 14. Bf4 O-O
15. Be5 Bc6 16. Qd3 Rf7 17. f3 Bb7 18. Rfd1 Qc6 19. Bf1 Nh5 20. Qc3 a5 21. Rd2
Qb6 {Byrne,R-Day,L, Buenos Aires 23 ol 1978 (1:0-39)}) 9. f4 Qb6 (9... Qa5+ 10.
Bd2 Qb6 11. Bd3 Be7 12. c4 Qd4 13. Qb3 Ba6 $5 14. O-O-O O-O 15. Bc3 Nxc3 16.
Qxc3 Qxc3+ 17. bxc3 c5 $1 18. Be2 Rfd8 19. Rd2 Kf8 20. Rhd1 Ke8 21. Nd6+ Bxd6
22. Rxd6 Bb7 {Iwanow,AW-Benjamin,J, USA ch - Key West 1994 (0:1-32)}) (9... Rb8
10. Bd3 Qb6 11. Qe2 Be7 $146 12. c4 Bb4+ $6 13. Kf1 f5 14. exf6 Nxf6 15. Nxf6+
gxf6 16. Be3 Qa5 17. Kf2 Be7 18. c5 d5 19. cxd6 Bxd6 20. Rhd1 Ke7 21. Kg1 $1
Bc5 {Adams,M-Radiabow,T, Enghien les Bains 2003 (1:0-29)}) 10. c4 (10. Bd3 Ba6
11. a3 Be7 12. Bxa6 Qxa6 13. Qe2 Qxe2+ 14. Kxe2 f5 $5 $146 15. Nf2 a5 $11 16.
c4 $6 Nb6 17. Kd3 Bc5 18. Nd1 d5 19. exd6 $6 (19. b3) 19... O-O-O $1 20. Be3
Rxd6+ 21. Kc2 Bxe3 22. Nxe3 Rd4 $15 {
Azarow,S-Greenfeld,A, Europa 2 ch - Ohrid 2001 (0:1-51)}) 10... Bb4+ 11. Ke2 f5
(11... Ba6 12. Kf3 f5 13. exf6 Nxf6 14. c5 $1 Bxc5 $6 15. Nxc5 Bxf1 16. Nxd7 $6
Bxg2+ 17. Kxg2 Nxd7 18. Re1 Rd8 $1 19. Rxe6+ Kf7 20. Qe2 Rhe8 21. f5 Nf6 {
Onoprijenko-Czernow, Krym 1988 (remis-40)}) 12. Nf2 (12. exf6 $5 Nxf6 13. Be3
Qd8 14. Nd6+ Bxd6 15. Qxd6 Bb7 $146 16. Kd2 Qe7 17. Qxe7+ Kxe7 18. Be2 $14 a5
19. Kc3 d5 20. b3 Rhc8 21. Bf3 c5 22. Rhe1 a4 23. g4 $1 {
Swidler,P-Leko,P, Erewan 5 ch tt Welt 2001 (1:0-48)}) 12... Ba6 13. Kf3 Ne7 14.
Be3 (14. Qa4 $5 c5 $6 (14... Rb8 $5) 15. h4 $1 $146 O-O 16. Be3 $16 Rab8 $1 17.
a3 Bd2 18. Bxd2 Qxb2 19. Bd3 $2 (19. Rd1 $1) 19... Qxd2 20. Qxa6 Nc6 $1 21.
Rae1 Rb3 {De Firmian,N-Szabalow,A, USA ch Seattle 2000 (remis-40)}) 14... Bc5
15. Bxc5 Qxc5 16. Qd6 Qb6 (16... Qa5 $5 17. h4 c5 18. Kg3 $1 Kf7 $5 19. Be2 $1
Rhd8 $6 20. Bh5+ $1 g6 $6 21. Bf3 Rab8 22. h5 $1 g5 23. fxg5 f4+ $8 24. Kh2 $5
Nf5 25. Qd3 Rxb2 26. Ne4 Kg7 {Ghinda,M-Czechow,W, Halle 1987 (1:0-35)}) 17. b3
c5 18. Rd1 (18. Kg3 $5 Bb7 19. Be2 Nc8 $146 20. Qd2 d5 21. cxd5 $5 exd5 $6 22.
Bh5+ $1 Kf8 23. Nd3 $1 $16 Ne7 24. Rac1 c4 25. bxc4 dxc4 26. Rb1 Qc6 27. Nc5 $1
Qxc5 28. Rxb7 g5 {Hracek,Z-Sztyrenkow,W, Pardubice 2002 (1:0-48)}) 18... Bb7+
19. Ke3 (19. Kg3 Kf7 20. Be2 Rhd8 21. Bh5+ g6 22. Bf3 Bxf3 23. gxf3 Rac8 24.
Qd2 Rc6 25. Qe3 d5 26. exd6 Rcxd6 27. Rxd6 Rxd6 28. Qe5 Rd8 29. Re1 Ng8 30. Nh3
h6 31. Qh8 Qd6 32. Qh7+ Kf6 33. Qh8+ Kf7 34. Qh7+ {
remis - Adams,M-Nunn,J, Kilkenny op 1996}) 19... Qxd6 (19... Kf7 20. Qxb6 axb6
21. Rxd7 Bc6 22. Rd2 g5 23. Nh3 h6 24. fxg5 Ng6 25. gxh6 Nxe5 26. Be2 Rxh6 27.
Nf4 Rg8 28. h3 Ke7 29. Rhd1 Ng6 30. Bf3 Bxf3 31. Kxf3 Nxf4 32. Kxf4 Rhg6 33.
Ke5 {1:0 - Chandler,M-Kasparow,G, HamburgerSK-Kasparov 1985}) 20. exd6 Ng6 (
20... Ng8 21. Be2 Rc8 22. Rhg1 Nf6 23. g4 fxg4 24. Nxg4 Nxg4+ 25. Rxg4 Kf7 26.
Rg5 Ba8 27. h4 g6 28. h5 Rhg8 29. hxg6+ hxg6 30. Bd3 Rc6 {
Samraoui,M-Sammut,R, ICCF Jubilee Officials-IM-B 2001 (1:0-50)}) 21. Nd3 Rc8
22. h4 O-O 23. h5 Nh8 24. Rg1 (24. Ne5 Nf7 $1 25. Nxd7 Rfd8 26. Ne5 Nxd6 27. h6
g6 28. Rh2 Nf7 29. Rxd8+ Rxd8 30. Nd3 Rc8 31. Be2 a5 32. Bf3 Bxf3 33. gxf3 Kf8
$11 {Jagupow,I-Sztyrenkow,W, Aluszta 2002}) 24... Nf7 {
tu skonczyla sie teoria - jak daleko!  Biale maja przewage wedlug Fritz 8} 25.
Be2 Be4 26. Ne5 Bc6 27. g4 Nxe5 28. fxe5 f4+ (28... Rf7 29. Rdf1 Rcf8 30. Rf4
fxg4 31. Rfxg4 a6 32. R4g3 {tez z duza przewaga}) 29. Kf2 f3 30. Bd3 Rf4 31.
Rg3 $5 (31. Bc2 {slabsze} Rcf8 32. Rd2 a5 33. Rg3 a4 34. Rg1 axb3 35. axb3)
31... Rcf8 32. Bc2 a5 33. Rd2 (33. Rdg1 Rd4 34. Ke3 Rff4 35. g5 {z rowna gra})
33... a4 34. Rg1 axb3 {Wyniki:  1.Woelfelschneider,P 2095  11,5 z 14 GER  2.
Coche,W                 2009   10,5        GER  3.Janzen,N                
2269   10   z 13 GER   4.Sternik,R                 1980    10  5.Baer,W       
2025     9,5 z 13 GER  6.Perlitz,H                   1916    8,5  Sternik  +7 
=6  -1   i remis na propozycje czarnych.  Decyduja dwa pola: g4 i e4. Pion "g"
musi byc broniony, a na pole e4 nie moze wejsc Wieza.} 1/2-1/2

[Event "email 15-004 MAPEJK (Sternik,R)"]
[Site "?"]
[Date "2006.??.??"]
[Round "?"]
[White "Sternik, Ryszard POL"]
[Black "Heyn, Wolfgang GER"]
[Result "1/2-1/2"]
[WhiteElo "1800"]
[BlackElo "2049"]
[PlyCount "88"]

1. e4 e5 2. f4 {
z takim szachista z wysokim Elo "Gambit Krolewski"? Odwaznym szczescie sprzyja}
exf4 3. Nf3 g5 4. h4 g4 5. Ne5 Nf6 6. d4 {Reti byl zdania, ze biale maja
prawie wygrana pozycje, pomimo piona mniej, dzieki oslabieniu skrzydla
krolewskiego przez czarne. Caly dowcip nowego sposobu traktowania Gambitu
Krolewskiego przez Stoltza, polega na nastawieniu nie na atak, lecz na pozycje
- Galuszka,M} d6 7. Nd3 Nxe4 (7... Nc6 $5 8. c3 $146 (8. d5 Ne5 9. Bxf4 Nxe4
10. Qe2 f5 11. Nxe5 (11. Nd2 Bg7 $1 12. Nxe4 fxe4 13. Nxe5 dxe5 14. Qxe4 O-O
15. Bg5 Bf5 {z niejasna gra}) 11... dxe5 12. Bxe5 Bb4+ 13. Nc3 {
z niejasna gra - Iwanczuk,W}) 8... Nxe4 9. Bxf4 d5 $1 10. Nd2 Bd6 11. Ne5 O-O
12. Nxe4 dxe4 13. Qc2 $1 Qf6 14. Bg5 $2 (14. Qxe4 $1) 14... Qf5 15. Nxc6 Bg3+
$5 16. Kd1 bxc6 17. Bc4 Bf2 $5 18. Qe2 Be6 19. Rf1 g3 20. Be3 c5 $1 21. Bxf2 $2
Bxc4 22. Qxc4 gxf2 $19 {Fiedorow,A-Iwanczuk,W, Wijk aan Zee 2001 (0:1-34)}) 8.
Bxf4 Qe7 (8... Bg7 9. Nc3 $2 (9. c3 $1 {prawidlowe} Qe7 $1 {Fischer,R} 10. Qe2
Bf5 11. Nd2 Nxd2 12. Kxd2 Qxe2+ 13. Bxe2 {biale maja rekompensate za piona})
9... Nxc3 10. bxc3 c5 11. Be2 cxd4 12. O-O Nc6 13. Bxg4 O-O 14. Bxc8 Rxc8 15.
Qg4 f5 ({lepsze jest} 15... Kh8 {obiektywnie pozycja jest korzystniejsza dla
czarnych, ale zawiera w sobie tyle mozliwosci, ze pomylic sie moze nawet
arcymistrz}) 16. Qg3 dxc3 17. Rae1 $1 Kh8 18. Kh1 $2 Rg8 19. Bxd6 Bf8 $1 20.
Be5+ Nxe5 21. Qxe5+ Rg7 $1 22. Rxf5 Qxh4+ 23. Kg1 Qg4 $2 (23... Qg3 $1) 24. Rf2
Be7 25. Re4 Qg5 26. Qd4 $1 Rf8 $2 (26... Bf8 $1) 27. Re5 $1 Rd8 28. Qe4 Qh4 29.
Rf4 $1 {1:0 - Spasski,B-Fischer,R, Mar del Plata 1960}) 9. Qe2 Bg7 (9... Nc6
10. c3 Bf5 11. Nd2 O-O-O 12. O-O-O Re8 13. d5 $2 Nxc3 $1 14. Qxe7 Nxa2+ 15. Kb1
Nxe7 16. Kxa2 Nxd5 {0:1 - Hurt-Baca, corr 1988}) 10. c3 Bf5 (10... h5 $2 11.
Nd2 $1 Nxd2 {biale nie obawiaja sie wymiany Hetmanow} 12. Kxd2 Qxe2+ 13. Bxe2
Bf5 14. Rhf1 Nd7 15. Nb4 Nf6 16. Bb5+ $1 Bd7 17. Rae1+ Kd8 18. Bg5 Bxb5 19.
Rxf6 $1 {1:0 - Stoltz,G-Saemisch,F, Swinemuende 1932}) 11. Nd2 Nc6 (11... Nxd2
12. Qxe7+ Kxe7 13. Kxd2 Nd7 14. Re1+ Kf8 15. h5 h6 16. g3 Bf6 17. Bg2 Rb8 18.
Rhf1 Bxd3 19. Kxd3 Kg7 20. Bd5 Nb6 21. Bb3 a5 22. a3 Nd7 23. Bd2 b5 24. Re7 {
1:0 - Daponte,J-Crawley,N, corr Belgia-NCCC 1995}) 12. O-O-O O-O-O 13. Nxe4 (
13. Nc4 Rhe8 14. Ne3 Ng3 15. Bxg3 Qxe3+ 16. Qxe3 Rxe3 17. Bf4 Re7 18. h5 Bf6
19. Kd2 Rde8 20. Nf2 g3 21. Nh3 Bg4 22. Ra1 Re4 23. Bxg3 Nxd4 24. Re1 Ne2 25.
Bf2 Bg7 {0:1 - Rohde,K-Voss,M, corr 11 ch U-20 Niemcy 1988}) 13... Qxe4 14.
Qxe4 Bxe4 15. Nf2 Bf5 16. h5 ({po} 16. Re1 {
zagralyby czarne h7-h5 i nie chcialem do tego dopuscic}) 16... Rhe8 17. Rh4 {
juz w tym momencie planowalem poswiecenie jakosci} Bf6 18. Rxg4 $1 Bxg4 19.
Nxg4 {para Goncow dawala pewna przewage przestrzeni i slaby pion h7 pozwalal
na zrealizowanie przewagi} Be7 20. Bd3 Rh8 $2 {no prosze - Wieza poza gra} (
20... Kb8 {chyba najlepsze} 21. Rf1 Rg8 22. Nh6 Rxg2 23. Nxf7 Rf8 24. Bh6 {
z rowna gra}) 21. Bf5+ Kb8 22. d5 Ne5 23. Bxe5 ({nic nie dawalo} 23. Nxe5 dxe5
24. Bxe5 Bg5+ 25. Kb1 Rhe8 26. Bd4 {z rowna gra}) 23... dxe5 24. Nxe5 Bg5+ $2 (
24... Rhg8 25. Bxh7 Rh8 26. Nxf7 Rxh7 27. Nxd8 Bxd8 28. g4 Bg5+ 29. Kc2 {
z rowna gra}) 25. Kc2 Rde8 26. Nxf7 Rhf8 27. Be6 (27. Nxg5 $2 {
prowadzi do lepszej gry czarnych} Re2+ 28. Kd3 Rxg2 29. Bxh7 Rxg5 30. Bg6)
27... Bf4 28. Rf1 Bg3 29. Rf3 Rg8 30. Kd3 c6 31. c4 a5 32. b3 Re7 33. Kd4 $2 {
ja uwazam to za blad, choc program pokazuje co innego} (33. a3 Ka7 34. Kd4 (34.
Nh6 Rd8 35. Ke4 Rde8 36. Nf5 Rxe6+ 37. dxe6 Rxe6+ 38. Kd3 Bc7 39. g4 {
i biale powinny wygrac}) 34... Ka6 35. Nh6 Rd8 36. Ke4 Rde8 37. Nf5 Rxe6+ 38.
dxe6 Rxe6+ 39. Kd3 {i biale powiiny wygrac}) 33... cxd5 34. cxd5 Rc7 35. d6 Rc2
36. Bf5 Rd2+ 37. Ke3 $2 (37. Bd3 {bylo lepsze} Bf2+ 38. Kc3 Be1 39. Kc4 Rgxg2
40. d7 Rg4+ 41. Kc5 Bh4 42. d8=Q+ Bxd8 43. Nxd8 Rh4 44. Nf7 a4 45. bxa4 Rxh5+
46. Kb6 Rhh2 (46... Rd5 47. Re3 R5xd3 48. Re8+ Rd8 49. Rxd8+ Rxd8 50. Nxd8 {
i wygrywa}) 47. Nd6 Rhf2 48. Rxf2 Rxf2 49. Bxh7 Rxa2 {i wygrywa}) 37... Rxd6
38. Nxd6 Bxd6 39. Bxh7 Rxg2 40. a4 Rg3 41. Rxg3 Bxg3 42. Ke4 Kc7 43. Kf5 Kd6
44. Kf6 Be5+ {i czy tu mozna wygrac?} (44... Be5+ 45. Kf7 Bf4 46. Bd3 b6 47.
Bc4 Bc1 48. Kg7 Bb2+ 49. Kg6 {Wyniki:  1.Sternik,R              11,5  z 14  2.
Kubikova,H CZE   10     z 11   2182  3.Sabbatini,G ITA      9     z 13   2082 
4.Kahl,KH       GER    7     z 10   1800  5.Zaniratti,I     ITA      6,5  z 10
1800  6.Heyn,W       GER     6,5  z 10   2049  7.Pech,J         CZE     5,5  z
9   2090  Wygrac moze tylko Kubikova i dogonic mnie moze tylko Pech a wiec
2-gie miejsce! Dla mnie sukces.} Ke7 50. h6 Bc3) 1/2-1/2

[Event "email TSC 9e-31 (Sternik,R)"]
[Site "?"]
[Date "2006.??.??"]
[Round "?"]
[White "Sternik, Ryszard POL"]
[Black "Herzog, Klaus GER"]
[Result "1/2-1/2"]
[WhiteElo "1876"]
[BlackElo "2093"]
[PlyCount "53"]

1. e4 e5 2. f4 exf4 3. Nf3 g5 4. h4 g4 5. Ne5 Nf6 6. Bc4 d5 7. exd5 Bg7 (7...
Bd6 8. d4 (8. O-O $6) 8... O-O $1 (8... Nh5) (8... Qe7) 9. Bxf4 (9. O-O Nh5 10.
Nxg4 Qxh4 11. Nh2 Ng3 $1 12. Re1 Bf5 $1 13. Nd2 Nd7 14. Ndf3 Qh5 $15 {
de la Villa-Roriguez,Am, 1991}) 9... Nh5 10. g3 (10. O-O Nxf4 11. Rxf4 f6 12.
Rxg4+ Kh8 $19) 10... f6 11. Nxg4 $5 $146 (11. Nd3 Nxg3 12. Bxg3 Bxg3+ 13. Kf1
Qe8 $17 {Pillsbury-Czigorin, 1903}) 11... Qe8+ 12. Kd2 Nxf4 13. gxf4 Bxf4+ 14.
Kc3 b5 $5 15. Qf3 h5 16. Qxf4 hxg4 17. Bb3 a5 18. a4 $5 b4+ 19. Kd2 Qd7 20. d6+
Kg7 21. dxc7 Na6 22. h5 Nxc7 23. h6+ Kh8 {
Grasso,P-Pampa,A, corr EU M-1026 1993 (1:0-43) - Konikowski,J}) 8. d4 Nh5 (8...
Nxd5 $2 9. Qe2 Be6 10. Nc3 Nxc3 11. bxc3 f3 12. gxf3 gxf3 13. Nxf3 Qe7 14. Bxe6
fxe6 (14... Qxe6 15. Qxe6+ fxe6 16. Ng5 $16) 15. Ng5 (15. Rb1 $5) 15... e5 (
15... Kd7 16. Rf1 Rf8 17. Rxf8 Bxf8 18. Ba3 $1 $18) 16. Qh5+ Kd7 17. Qg4+ Kc6
18. d5+ $1 Kb6 19. Ne6 $18 {- Konikowski,J}) 9. O-O Qxh4 10. Qe1 Qxe1 11. Rxe1
O-O 12. Nc3 (12. b3 Re8 13. Ba3 Nd7 14. Bb2 Nb6 15. Bb5 Bd7 16. Bxd7 Nxd7 17.
Nd2 Ndf6 18. c4 a6 19. a4 Rad8 20. Kf2 Ng3 21. Nf1 Nf5 22. Rad1 b5 23. Nc6 Rxe1
24. Rxe1 Re8 25. Rxe8+ Nxe8 26. Nd2 h5 {
Sanko,P-Tomaszek,K, corr 1/2 ch Polska 1992 (1:0-38)}) 12... Bf5 (12... Nd7 13.
Nb5 c5 (13... Nxe5 $5 14. dxe5 c6 15. Nd6 cxd5 16. Bxd5 Rb8 17. Re4 Ng3 18. Re1
Bh6 $15) (13... c6 14. Nc7 cxd5 15. Bxd5 Rb8 16. c3 Bxe5 17. dxe5 Nc5 18. Bc4
Bf5 19. b3 Ne4 $5 20. e6 fxe6 21. Nxe6 b5 22. Nxf8+ bxc4 23. Nd7 Rb7 24. Ne5
cxb3 25. axb3 Nxc3 26. Nc4 Rd7 {
Down,I-Kujawski,R, corr Szkocja-Polska 1993 (remis-37)}) 14. c3 cxd4 15. cxd4
Nb6 16. Bb3 Bd7 17. a4 Rad8 18. Nc7 Bf6 19. Bd2 Bh4 20. Rec1 Ng3 21. Re1 Nf5
22. Re4 Ng3 23. Ree1 Nf5 24. Re4 {
remis - Winants,L-Van der Sterren,P, Wijk aan Zee 1995}) 13. Nb5 Na6 14. c3 Bf6
15. Bd2 (15. b3 Kg7 16. Ba3 Rfd8 17. d6 c6 18. Nc7 Nxc7 19. dxc7 Rdc8 20. Bd6
Bh4 21. Rf1 f6 22. Nd3 f3 23. Nc5 b5 24. Be6 Bxe6 25. Nxe6+ Kf7 {
Koudelka,I-Viola,M, EM Gambit Kieseritzky 2000 (0:1-34)}) 15... Bh4 16. Rf1 Bg5
17. Rae1 h6 (17... Ng3 $2 18. Bxf4 Nxf1 19. Bxg5 Ng3 20. Be7 f6 21. Kh2 Nh5 22.
Nxg4 Bxg4 23. d6+ Kg7 24. Bxf8+ Kxf8 25. Re7 Rd8 26. Rf7+ Ke8 27. dxc7 {
1:0 - Bortnik,E-Kozlowski,P, corr 1/2 ch Polska 2000}) 18. Bd3 $6 (18. d6 c6
19. Na3 Rac8 20. d7 Rcd8 21. Bxa6 bxa6 22. c4 Bh4 23. Nxc6 Rxd7 24. Re5 $14)
18... Bxd3 19. Nxd3 Ng3 20. Rf2 Rfe8 21. Ne5 f6 22. Nxg4 Rxe1+ 23. Bxe1 Re8 24.
Bd2 h5 25. Nh2 (25. Bxf4 $2 Ne2+ 26. Kf1 Nxf4 27. Nxf6+ Bxf6 28. Rxf4 Be7 $17)
25... Ne2+ 26. Kf1 Ng3+ 27. Kg1 {Turniej zostal przerwany.  Uzbieralem 4,5 z 8.
} 1/2-1/2

[Event "email TT-067 FICGS (Sternik,R)"]
[Site "?"]
[Date "2006.??.??"]
[Round "?"]
[White "Sternik, Ryszard POL"]
[Black "Cirulis, Ilmar LIT"]
[Result "1/2-1/2"]
[WhiteElo "1766"]
[BlackElo "1778"]
[PlyCount "89"]

1. b4 d5 2. Bb2 Nf6 3. e3 e6 4. a3 a5 5. b5 Bd6 6. Nf3 O-O 7. c4 Nbd7 (7... c6
8. a4 cxb5 9. cxb5 Nbd7 10. d4 Ne4 11. Bd3 Ndf6 12. Nbd2 Bd7 13. O-O Nxd2 14.
Qxd2 Ne4 15. Qd1 f6 16. Qb1 f5 17. Ba3 Bxa3 18. Rxa3 Rc8 {
Sternik,R-Wolff,T, corr Matteus Chess op 3-30 1997 (remis-29)}) 8. d4 c5 9. Nc3
Qe7 (9... dxc4 10. Bxc4 Qe7 11. O-O Rd8 12. Qe2 cxd4 13. exd4 Nb6 14. Bd3 Bd7
15. Ne5 a4 16. Rfe1 Nbd5 17. Nxd5 Nxd5 18. Qe4 Nf6 19. Qh4 h6 20. Bc1 Nd5 21.
Qg4 Nf6 {Riepe,B-Schueller,R, email DESC STS034 2003 (remis-34)}) 10. cxd5 exd5
11. dxc5 Nxc5 12. Nxd5 Nxd5 13. Qxd5 Be6 $6 (13... Na4 14. Bd4 Bxa3 15. Nd2 Be6
16. Qe5 f6 17. Qxe6+ Qxe6 18. Bc4 Qxc4 19. Nxc4 $14) 14. Qd4 f6 15. Bc4 Rac8
16. Rd1 Rfd8 17. Qh4 Qf7 18. Bxe6 Nxe6 19. O-O $16 Rc2 20. Rb1 ({lepsze} 20.
Bc1 Qd7 21. Qe4 Rc5 22. a4 $16) 20... Nc5 21. Bd4 Rc4 22. Rfd1 (22. Qg4 Ne6 23.
Ra1 Nxd4 24. Nxd4 Bc5 25. Rfd1 {tylko +/=}) 22... Ne6 23. Ra1 Bc5 24. Qe4 $16
Qd7 ({lepsze} 24... a4 25. h3 Nxd4 26. Nxd4 b6 27. Qg4 $14) 25. Rd2 $5 (25. Rd3
Bxd4 26. Rad1 Re8 27. Qg4 Qxb5 28. Nxd4 Nxd4 29. Rxd4 Rxd4 30. Qxd4 $14) 25...
Nxd4 26. exd4 Bf8 27. a4 Re8 28. Qd3 Rec8 29. Qb3 (29. d5 Qf7 30. Qe2 Bb4 31.
Rd3 $14 {0.66}) 29... Qf7 30. Qe3 Bb4 (30... Qd5 $14) 31. Rdd1 $16 Re8 32. Qd3
Rc3 $6 (32... Rec8 33. Nd2 R4c7 34. Nf1 f5 $16 {0.84}) 33. Qf5 Rec8 34. Nd2 g6
35. Qf4 $16 {0.85} f5 36. Nf3 Rc2 37. Rdc1 Qa2 38. h3 Qb2 39. Rcb1 Qc3 40. Rd1
Re8 41. h4 $6 (41. Re1 Rce2 42. Rec1 Qb2 43. Qg3 f4 44. Qxf4 Rxf2 45. Qg5 $16 {
0.91}) (41. Rf1 Qb3 42. Rfc1 Qc3 43. d5 Rc8 44. Rd1 $16 {0.88}) (41. Qh4 Bd6
42. Ng5 Re7 43. Rab1 Qc4 44. Re1 $14) 41... Ree2 42. Qb8+ $2 {
i wygranej juz nie ma} (42. Ne1 Rcd2 43. Qb8+ Bf8 44. Nf3 Rxd1+ 45. Rxd1 Qc2
46. Rf1 $16 {1.00}) 42... Bf8 $14 43. Qxb7 Rxf2 44. Kh1 Rxg2 45. Rac1 {
zawsze byla jakas przewaga. Ogolnie rzecz biorac, nigdy nie mozna polegac na
programach szachowych, chyba, ze ma sie najnowszy, aktualny, najsilniejszy 
program.  Wlasna "glowka" decyduje. Gdybym wygral ta partie, bylbym zwyciezca
grupy.  A tak 4-ch podzielilo 1-4 miejsca, po 4 pkt:  Irving, Yugi CAN  Pech
Jaroslav CZE  Sternik Ryszard POL  Cirulis Ilmars Litwa.} 1/2-1/2

[Event "email op 15-001 MAPEJK"]
[Site "?"]
[Date "2006.??.??"]
[Round "?"]
[White "Sternik, Ryszard POL"]
[Black "Vondracek, Emil CZE"]
[Result "1/2-1/2"]
[WhiteElo "1800"]
[BlackElo "2287"]
[PlyCount "56"]

1. e4 e5 2. f4 exf4 3. Nf3 h6 4. d4 g5 5. h4 Bg7 6. hxg5 hxg5 7. Rxh8 Bxh8 {
sporo gram partii w tym wariancie, ale po raz pierwszy mam taka pozycje.
Partia zmierza raczej na remisowe tory i jestem bardzo tym zaskoczony, ze
wzgledu na wysokie Eloprzeciwnika} 8. g3 d6 (8... d5 $1 9. Nc3 $1 dxe4 10. Nxe4
g4 11. Bxf4 $1 gxf3 12. Qxf3 Qxd4 $5 13. Rd1 Qb4+ $2 (13... Bg4 $1 14. Qxg4
Qxe4+ {Hebden} 15. Be2 Ne7 16. Bxc7 Qh1+ $1) 14. c3 Qe7 15. Rd2 Nf6 $2 16. Bg5
Be6 17. Qh1 $1 Bg7 18. Bxf6 Bxf6 19. Nxf6+ Qxf6 20. Qxb7 Qe5+ 21. Kd1 Nd7 {
Tait,J-Thompson,C, corr ch GB op 1994 (1:0-28)}) 9. gxf4 g4 (9... gxf4 10. Bxf4
Bg4 11. Be3 Qe7 12. Nc3 f5 13. Be2 fxe4 14. Ng5 Bxe2 15. Qxe2 Nf6 16. d5 c6 17.
O-O-O Nbd7 18. dxc6 bxc6 19. Ncxe4 d5 20. Qh2 Bg7 21. Nd6+ Kf8 22. Nf5 Ng4 23.
Nh7+ Ke8 24. Qh5+ Kd8 25. Nxe7 {1:0 - Larsen,B-Blom,K, Herning 1951}) 10. Ng5
f6 11. Nh3 f5 (11... Kf8 12. Nf2 f5 13. e5 Qh4 14. Bg2 Nc6 15. Nc3 Qh2 16. Kf1
Nge7 17. Ne2 Bd7 18. c4 Ng6 19. Qd3 Nh4 20. Bh1 Re8 21. a4 Ng6 22. a5 Nd8 {
Bourgault,P-Taffijn,A, CA.2003.0.00083 2003 (1:0-29)}) 12. Ng5 fxe4 13. Qe2 Nf6
14. Nxe4 (14. d5 c6 15. Nxe4 Nxe4 16. Qxe4+ Qe7 17. Qxe7+ Kxe7 18. Bg2 cxd5 19.
Bxd5 {z mala przewaga czarnych}) 14... Nxe4 15. Qxe4+ Qe7 16. Qxe7+ Kxe7 17. c3
Nd7 (17... d5 18. Bd3 Kf6 19. Nd2 g3 20. Ke2 Bg4+ 21. Nf3 Nd7 22. Be3 {
z rowna gra}) 18. Be3 Nf6 19. Bd3 (19. Kf2 {lepsze} Bf5 20. Nd2 d5 21. Re1 Rg8
22. Kg2 Kd6 {ale i tak czarne maja minimalna przewage}) 19... Bd7 $6 (19... Nd5
{uwazam za silniejsze} 20. Ke2 Bf6 21. Nd2 Be6 22. Rh1 {z minimalna przewaga})
20. Nd2 Nd5 21. Ke2 (21. Kf2 Rf8 22. Kg3 Bf6 23. Bc4 Nxe3 {
0:1 - Kosiorek,M-Macieja,B, Polska ch tt jun -Torun 1991}) 21... Bg7 22. Rh1
Rh8 23. Rxh8 Bxh8 24. Ne4 Bg7 25. Bd2 b5 26. Ng5 Bh6 27. Kf2 Nf6 28. Kg3 a6 {
zakonczylem turniej z 9,5 punktami, partner mial 6 pkt i jeszcze 4 partie do
rozegrania (turniej 15 osobowy).  1.Svajdler,F          11  2.Pecka,J         
9,5  z 13  3.Sternik,R              9,5  4.Martins,Karin        9    z 13  5.
Jordaan,W            8    z 11  6.Pech,J                   8    z13} 1/2-1/2